Statistics for アイドルマスターミリオンライブ!の単独ライブ開催場所

Click here to take the quiz!

General Stats

  • This quiz has been taken 13 times
  • The average score is 12 of 20

Answer Stats

ライブ名開催年月日Answer% Correct
2ndLIVE ENJOY H@RMONY!!2015年4月4日-5日幕張イベントホール
82%
10thLIVE TOUR Act-1 H@PPY 4 YOU!2023年4月22日-23日さいたまスーパーアリーナ
82%
6thLIVE TOUR UNI-ON@IR!!!! SPECIAL2019年9月21日-22日さいたまスーパーアリーナ
82%
3rdLIVE TOUR BELIEVE MY DRE@M!!@MAKUHARI2016年4月16日-17日幕張イベントホール
82%
5thLIVE BRAND NEW PERFORM@NCE!!!2018年6月2-3日さいたまスーパーアリーナ
82%
1stLIVE HAPPY☆PERFORM@NCE!!2014年6月7日-8日中野サンプラザ
73%
10thLIVE TOUR Act-2 5 TO SP@RKLE!!2023年7月29日-30日ポートメッセなごや
73%
9thLIVE ChoruSp@rkle!!2023年1月14-15日日本武道館
73%
4thLIVE TH@NK YOU for SMILE!!2017年3月10日-12日日本武道館
73%
10thLIVE TOUR Act-4 MILLION THE@TER!!!!2024年2月24日-25日Kアリーナ横浜
64%
3rdLIVE TOUR BELIEVE MY DRE@M!!@SENDAI2016年2月7日ゼビオアリーナ仙台
55%
6thLIVE TOUR UNI-ON@IR!!!! Angel STATION@SENDAI2019年4月27日-28日ゼビオアリーナ仙台
55%
6thLIVE TOUR UNI-ON@IR!!!! Fairy STATION @FUKUOKA2019年6月29日-30日マリンメッセ福岡
45%
7thLIVE Q@MP FLYER!!! Reburn2021年5月22日-23日富士急ハイランド コニファーフォレスト
45%
10thLIVE TOUR Act-3 R@ISE THE DREAM!!!2023年11月5日-6日西日本総合展示場
45%
8thLIVE Twelw@ve2022年2月12日-13日武蔵野の森総合スポーツプラザ
36%
3rdLIVE TOUR BELIEVE MY DRE@M!!@OSAKA2016年3月12日-13日オリックス劇場
36%
3rdLIVE TOUR BELIEVE MY DRE@M!!@NAGOYA2016年1月31日センチュリーホール
27%
6thLIVE TOUR UNI-ON@IR!!!! Princess STATION@KOBE2019年5月18日-19日神戸ワールド記念ホール
27%
3rdLIVE TOUR BELIEVE MY DRE@M!!@FUKUOKA2016年4月3日北九州ソレイユホール
18%

Score Distribution

Percentile by Number Answered

Percent of People with Each Score

Your Score History

You have not taken this quiz